|
|
|
|
| LEADER |
00000cam a2200000 a 4500 |
| 001 |
vtls010342797 |
| 003 |
SK-MaSNL |
| 005 |
20260301032435.0 |
| 008 |
151112s2011 xo dolaf 000 0 slo |
| 015 |
|
|
|a SNBA2012/05-02828
|
| 020 |
|
|
|a 9788080949723 (brož.)
|
| 035 |
|
|
|a 72D45418-24D0-448A-85B1-F1670EC29DEA
|
| 035 |
|
|
|a urn:nbn:sk:snk-amjxwg
|
| 035 |
|
|
|a urn:nbn:sk:snk-am007zyt
|
| 040 |
|
|
|a SNK
|b slo
|c SNK
|e AACR2
|
| 041 |
0 |
|
|a slo
|
| 044 |
|
|
|a xo
|c SK
|
| 072 |
|
7 |
|a 51
|x Matematika
|2 konspekt
|
| 080 |
|
|
|a 51
|2 2001
|
| 080 |
|
|
|a 373.3
|2 2001
|
| 080 |
|
|
|a (072)
|2 2001
|
| 245 |
0 |
0 |
|a Matematika
|b metodická príručka pre učiteľov 5. ročníka
|c [editori: Béla László, Rastislav Žitný]
|
| 250 |
|
|
|a [1. vyd.]
|
| 260 |
|
|
|a Nitra
|b Fakulta stredoeurópskych štúdií Univerzity Konštantína Filozofa
|c 2011
|
| 300 |
|
|
|a 83 s.
|b fareb. fotogr. a ilustr., grafy, tab.
|c 29 cm
|
| 366 |
|
|
|e 60 výt.
|
| 650 |
0 |
7 |
|a matematika
|2 SNKPH
|9 70174
|
| 650 |
0 |
7 |
|a základné školy
|2 SNKPH
|9 1280
|
| 650 |
0 |
7 |
|a Mathematics
|2 SNKPHeng
|9 265620
|
| 650 |
0 |
7 |
|a Elementary schools
|2 SNKPHeng
|9 265049
|
| 655 |
|
7 |
|a metodické príručky
|2 SNKPH
|9 70250
|
| 655 |
|
7 |
|a Methodological manuals
|2 SNKPHeng
|9 270866
|
| 700 |
1 |
|
|a Béla, László
|4 edt
|9 329754
|
| 700 |
1 |
|
|a Žitný, Rastislav,
|d 1964-
|4 edt
|9 227674
|
| 919 |
|
|
|a 978-80-8094-972-3
|
| 968 |
|
|
|d 51
|
| 999 |
|
|
|c 578413
|d 580343
|
| 952 |
|
|
|a SNK
|b SNK
|y PREZ
|7 0
|p 17A0878352
|o snkSB 82590
|i snk2012/4417
|8 0
|0 0
|1 0
|4 0
|d 2012-02-20
|f 1
|l 0
|r 2025-05-06 00:00:00
|w 2026-02-23
|
| 952 |
|
|
|a SNK
|b SNK
|y VYP
|7 0
|p 17A0878353
|o snkSB 82590 D1
|i snk2012/4418
|8 0
|0 0
|1 0
|4 0
|d 2012-02-20
|l 0
|r 2016-06-30 00:00:00
|w 2026-02-23
|